<?xml version="1.0" encoding="UTF-8"?>
<collection xmlns="http://www.loc.gov/MARC21/slim">
 <record>
  <leader>00850pam a22002178a 4500</leader>
  <controlfield tag="001">00021087</controlfield>
  <controlfield tag="005">20171026081022.0</controlfield>
  <controlfield tag="008">110521s1980                  ||||||Viesd</controlfield>
  <datafield tag="041" ind1="0" ind2="#">
   <subfield code="a">Vie</subfield>
  </datafield>
  <datafield tag="082" ind1="1" ind2="4">
   <subfield code="a">895.922 1</subfield>
   <subfield code="b">H107KH</subfield>
  </datafield>
  <datafield tag="100" ind1="0" ind2="#">
   <subfield code="a">Võ Văn Trực</subfield>
  </datafield>
  <datafield tag="245" ind1="0" ind2="0">
   <subfield code="a">Hành khúc mùa xuân</subfield>
   <subfield code="b">Trường ca</subfield>
   <subfield code="c">Võ Văn Trực</subfield>
  </datafield>
  <datafield tag="260" ind1="#" ind2="#">
   <subfield code="a">H.</subfield>
   <subfield code="b">Thanh niên</subfield>
   <subfield code="c">1980</subfield>
  </datafield>
  <datafield tag="300" ind1="#" ind2="#">
   <subfield code="c">19 cm.</subfield>
   <subfield code="a">127 tr.</subfield>
  </datafield>
  <datafield tag="650" ind1="#" ind2="4">
   <subfield code="a">Văn học Việt Nam</subfield>
  </datafield>
  <datafield tag="653" ind1="#" ind2="#">
   <subfield code="a">Trường ca</subfield>
  </datafield>
  <datafield tag="852" ind1="#" ind2="#">
   <subfield code="b">Kho mượn</subfield>
   <subfield code="j">KM.0009087, KM.0009088, KM.0009089, KM.0009090, KM.0011491, KM.0011492, KM.0011493</subfield>
  </datafield>
  <datafield tag="852" ind1="#" ind2="#">
   <subfield code="b">Kho đọc</subfield>
   <subfield code="j">KD.0006472</subfield>
  </datafield>
  <datafield tag="852" ind1="#" ind2="#">
   <subfield code="j">KM.0009088</subfield>
   <subfield code="j">KM.0009089</subfield>
   <subfield code="j">KM.0009090</subfield>
   <subfield code="j">KM.0011491</subfield>
   <subfield code="j">KM.0011492</subfield>
   <subfield code="j">KD.0006472</subfield>
   <subfield code="j">KM.0009087</subfield>
   <subfield code="j">KM.0011493</subfield>
  </datafield>
  <datafield tag="910" ind1="0" ind2="#">
   <subfield code="a">Hoa Lê</subfield>
   <subfield code="d">21/05/2011</subfield>
  </datafield>
  <datafield tag="980" ind1="#" ind2="#">
   <subfield code="a">Trung tâm Học liệu Lê Vũ Hùng, Trường Đại học Đồng Tháp</subfield>
  </datafield>
 </record>
</collection>
